000 00542nam a2200157 a 4500
001 000026172
005 20200930024349.0
008 110303s19uu dr 000 0 spa d
040 _aDO-SdBNP
_bspa
_cBNPHU
100 1 _aCedeño, Víctor Livio
_913939
245 1 3 _aLa prensa y los delitos de prensa /
_cVíctor Livio Cedeño ; prólogo Pascal Peña Peña.
260 _a[Santo Domingo]:, :
_bFundación para la Cultura,
_c[199?].
300 _a96 p. ;
_c17 cm.
590 _aInventariado,2018/DG
700 1 _aPeña Peña, Pascal
_epról.
_953178
999 _c25664
_d25664